Biggest Cities in Mauritania on the Map - Statistics

General Stats
  • This quiz has been taken 275 times
  • The average score is 5 of 20
Answers on the Map
Answers color-coded by a green-red scale on the quiz's map according to % correct below.
 
Answer Stats
Pop City % Correct
958 k Nouakchott
99%
118 k Nouadhibou
53%
25.1 k Atar
28%
50.2 k Kiffa
28%
44.6 k Zouérat
26%
33.5 k Rosso
24%
21.7 k Néma
22%
45.5 k Kaédi
20%
12.8 k Akjoujt
18%
15.5 k Aleg
18%
26.4 k Sélibaby
16%
10.9 k Tidjikdja
16%
22.7 k Ayoun el Atrous
15%
15.5 k Boutilimit
14%
16.4 k Boghé
13%
14.1 k Timbédra
13%
12.6 k Tintane
13%
22.3 k Guerou
12%
11.2 k Maghama
6%
12.4 k Magta-Lahjar
6%
No matching quizzes found
Score Distribution
Percent of People with Each Score
Percentile by Number Answered
Your Score History
You have not taken this quiz